PRACTICAL MANUAL OF HOSPITAL AND CLINICAL PHARMACY: for second year diploma pharmacy students (Record no. 5931)

MARC details
000 -LEADER
fixed length control field 00533nam a22001817a 4500
005 - DATE AND TIME OF LATEST TRANSACTION
control field 20240109161229.0
008 - FIXED-LENGTH DATA ELEMENTS--GENERAL INFORMATION
fixed length control field 190604b xxu||||| |||| 00| 0 eng d
020 ## - INTERNATIONAL STANDARD BOOK NUMBER
ISBN 978-93-86700-16-2
041 ## - LANGUAGE CODE
Language code of text/sound track or separate title eng
082 ## - DEWEY DECIMAL CLASSIFICATION NUMBER
Classification number 610
100 ## - MAIN ENTRY--AUTHOR NAME
Personal name GUPTA, Dr. G.D ,SHARMA DR. SHAILESH AND SING BALJEET
245 ## - TITLE STATEMENT
Title PRACTICAL MANUAL OF HOSPITAL AND CLINICAL PHARMACY: for second year diploma pharmacy students
250 ## - EDITION STATEMENT
Edition statement 3rd Ed.
260 ## - PUBLICATION, DISTRIBUTION, ETC. (IMPRINT)
Place of publication PUNE
Name of publisher NIRALI PRAKASHAN
300 ## - PHYSICAL DESCRIPTION
Number of Pages 74p,
650 ## - SUBJECT ADDED ENTRY--TOPICAL TERM
Topical Term PHARMACY
General subdivision B.PHARMA
942 ## - ADDED ENTRY ELEMENTS (KOHA)
Koha item type Books
Holdings
Lost status Damaged status Collection code Home library Current library Shelving location Date acquired Source of acquisition Cost, normal purchase price Full call number Accession Number Koha item type
    PHARMACY JRU Library JRU Library Shelf - 27- F 04/06/2019 PURCHESS 70.00 610 22950 Books
    PHARMACY JRU Library JRU Library Shelf - 27- F 04/06/2019 PURCHESS 70.00 610 22951 Books
    PHARMACY JRU Library JRU Library Shelf - 27- F 04/06/2019 PURCHESS 70.00 610 22952 Books
    PHARMACY JRU Library JRU Library Shelf - 27- F 04/06/2019 PURCHESS 70.00 610 22953 Books
    PHARMACY JRU Library JRU Library Shelf - 27- F 04/06/2019 PURCHESS 70.00 610 22954 Books
    PHARMACY JRU Library JRU Library Shelf - 27- F 04/06/2019 PURCHESS 70.00 610 22955 Books
    PHARMACY JRU Library JRU Library Shelf - 24- F 04/06/2019 PURCHESS 70.00 610 22956 Books
    PHARMACY JRU Library JRU Library Shelf - 27- F 04/06/2019 PURCHESS 70.00 610 22957 Books
    PHARMACY JRU Library JRU Library Shelf - 27- F 04/06/2019 PURCHESS 70.00 610 22958 Books
    Reference JRU Library JRU Library SHELF-4-C 04/06/2019 PURCHESS 70.00 610 22959 Books
    PHARMACY JRU Library JRU Library Shelf - 27- F 10/02/2022 PURCHASE 80.00 610 26293 Books
    PHARMACY JRU Library JRU Library Shelf - 27- F 10/02/2022 PURCHASE 80.00 610 26294 Books
    PHARMACY JRU Library JRU Library Shelf - 27- F 10/02/2022 PURCHASE 80.00 610 26295 Books
    PHARMACY JRU Library JRU Library Shelf - 27- F 10/02/2022 PURCHASE 80.00 610 26296 Books
    PHARMACY JRU Library JRU Library Shelf - 27- F 10/02/2022 PURCHASE 80.00 610 26297 Books